000 00358nam a2200133Ia 4500
008 190216s9999||||xx |||||||||||||| ||und||
100 _aParmar. Vs And Chawla Hm
245 0 _aPrinciples Of Reaction Mechanism In Organic Chemistry
250 _a2nd Ed.
260 _bSulthan Chand&Sons
_c2000
300 _a448
650 _aChemistry-Chemistry
942 _cBK
999 _c2975
_d2975